000 00367nam a2200121 4500
999 _c9939
_d9939
008 180723b ||||| |||| 00| 0 eng d
100 _929347
_aAtty. Lina, Joey D.
245 _aForeign tourists must feel our warmest welcome/
_cAtty. Joey D. Lina
260 _aPhilippines
_bManila Bulletin
_cc2016
300 _apage 11.
650 0 _929348
_aTourism.
942 _2ddc
_cPER